Engineering drawing: (Record no. 16354)

MARC details
000 -LEADER
fixed length control field 00889nam a22002531 4500
005 - DATE AND TIME OF LATEST TRANSACTION
control field 19681225000000.0
008 - FIXED-LENGTH DATA ELEMENTS--GENERAL INFORMATION
fixed length control field 710622s1966 enka 000 0 eng
010 ## - LCCN (DPL NO)
LC control number ENG-91204
020 ## - INTERNATIONAL STANDARD BOOK NUMBER
International Standard Book Number 9780070668638
Terms of availability 225.00
020 ## - INTERNATIONAL STANDARD BOOK NUMBER
International Standard Book Number 0070668639
035 ## - SYSTEM CONTROL NUMBER
System control number EN-74737
037 ## - SOURCE OF ACQUISITION
Source of stock number/acquisition DBAD / PUB
040 ## - CATALOGING SOURCE
Original cataloging agency dpl
Language of cataloging English
082 ## - DEWEY DECIMAL CLASSIFICATION NUMBER
Classification number 604.2
100 ## - MAIN ENTRY--PERSONAL NAME
Personal name Agrawal, Basant
245 ## - TITLE STATEMENT
Title Engineering drawing:
Statement of responsibility, etc by Basant Agrawal [and] C.M. Agrawal
260 ## - PUBLICATION, DISTRIBUTION, ETC. (IMPRINT)
Place of publication, distribution, etc New Delhi
Name of publisher, distributor, etc Tata McGraw-Hill Publishing
Date of publication, distribution, etc 2008
300 ## - PHYSICAL DESCRIPTION
Extent Various pagings:
Other physical details ill.
Dimensions 25 cm (pbk)
500 ## - GENERAL NOTE
General note Includes index
650 ## - SUBJECT ADDED ENTRY--TOPICAL TERM
Topical term or geographic name as entry element Mechanical drawing.
700 ## - ADDED ENTRY--PERSONAL NAME
Personal name Agrawal, C.M.
942 ## - ADDED ENTRY ELEMENTS (KOHA)
Source of classification or shelving scheme Dewey Decimal Classification
Item type English Books
Classification part 604.2
Call number suffix AGR
Holdings
Withdrawn status Lost status Source of classification or shelving scheme Damaged status Not for loan Collection code Home library Current library Date acquired Source of acquisition Cost, normal purchase price Total Checkouts Full call number Barcode Date last seen Copy number Cost, replacement price Koha item type
    Dewey Decimal Classification   Not For Loan Non-fiction D.B.Act.Division D.B.Act.Division 07/10/2008 DBAD / PUB 225.00   604.2 AGR EN-74737 07/10/2008 1 225.00 English Books

© Delhi Public Library
Hit Counter
free hit counter